Electoral politics in India : (Record no. 165502)

MARC details
000 -LEADER
fixed length control field 00875nam a22002177a 4500
005 - DATE AND TIME OF LATEST TRANSACTION
control field 20190620130334.0
010 ## - LCCN (DPL NO)
LC control number B-728385
020 ## - INTERNATIONAL STANDARD BOOK NUMBER
International Standard Book Number 9781138038318
Terms of availability 1495.00
035 ## - SYSTEM CONTROL NUMBER
System control number B-728385
037 ## - SOURCE OF ACQUISITION
Source of stock number/acquisition R.K.Books
Stock number dpl
082 ## - DEWEY DECIMAL CLASSIFICATION NUMBER
Classification number 324.954053
245 ## - TITLE STATEMENT
Title Electoral politics in India :
Remainder of title the resurgence of the Bharatiya Janata Party /
Statement of responsibility, etc edited by Suhas Palshikar, Sanjay kumar [and] Sanjay Lodha
260 ## - PUBLICATION, DISTRIBUTION, ETC. (IMPRINT)
Place of publication, distribution, etc London
Name of publisher, distributor, etc Routledge
Date of publication, distribution, etc 2019
270 ## - ADDRESS
Address 2, Park square, Milton park, Abingdon
City Oxon
Postal code OX144RN
300 ## - PHYSICAL DESCRIPTION
Extent xxiv,311p.:
Dimensions 22cm(Hb)
Other physical details ill
700 ## - ADDED ENTRY--PERSONAL NAME
Personal name Palshikar, Suhas
700 ## - ADDED ENTRY--PERSONAL NAME
Personal name Sanjay Kumar
700 ## - ADDED ENTRY--PERSONAL NAME
Personal name Lodha, Sanay
942 ## - ADDED ENTRY ELEMENTS (KOHA)
Source of classification or shelving scheme Dewey Decimal Classification
Item type English Books
Call number suffix ELE
Classification part 324.954053
Holdings
Withdrawn status Lost status Not for loan Collection code Home library Current library Date acquired Source of acquisition Cost, normal purchase price Full call number Barcode Copy number Cost, replacement price Koha item type Public note
      Non-fiction Sarojini Nagar Sarojini Nagar 20/06/2019 RK Books/IN457/2019-20/03.06.2019/07/29.06.2019/17.06.2019 1495.00 324.954053 ELE B-728385 1 1495.00 English Books Spl. power

© Delhi Public Library
Hit Counter
free hit counter